| 000 | 00000nam##2200000za#4500 |
| 001 | 9.578182 |
| 003 | CaOODSP |
| 005 | 20210624185950 |
| 007 | cr ||||||||||| |
| 008 | 150406|1985||||xxc|||||o f|0| 0 eng|d |
| 022 | |a1488-5379 |
| 040 | |aCaOODSP|beng |
| 043 | |an-cn--- |
| 086 | 1 |aFs97-6/1395E-PDF |
| 110 | 1 |aCanada. |bDepartment of Fisheries and Oceans. |
| 245 | 10|aUser's guide to the groundfish catch Statistics Data System of the Fisheries Research Branch, Pacific Region / |h[electronic resource]|cby J.E. Leaman and J.M. Hamer. |
| 260 | |aNanaimo - British Columbia : |bFisheries and Oceans Canada |c1985. |
| 300 | |a29p.|bfigs., tables |
| 490 | 1 |aCanadian technical report of fisheries and aquatic sciences|x1488-5379|vNo. 1395 |
| 500 | |aOn t.p.: Pacific Biological Station, Nanaimo, British Columbia. The catalogue number and ISSN for the print edition appear in the PDF version. |
| 546 | |a(Résumé en français) |
| 590 | |a13-28-Supp|b2013-12-09 |
| 720 | 1 |aHamer, J. M. |
| 720 | 1 |aLeaman, J. E. |
| 830 | #0|aCanadian technical report of fisheries and aquatic sciences,|x1488-5379|vNo. 1395|w(CaOODSP)9.504449 |
| 856 | 40|ahttp://publications.gc.ca|qPDF|s8749 KB|uhttps://publications.gc.ca/collections/collection_2013/mpo-dfo/Fs97-6-1395-eng.pdf|yNo. 1395 |